000 00462 a2200145 4500
020 _a8174883975 (hardcover)
020 _a9788174883971 (hardcover)
090 _c4536
_d4536
100 1 _aMalhotra, R.K.
245 1 0 _aPersonal mangement /
_cR.K. Malhotra.
260 _a[S.l.] :
_bAnmol Publications Pvt Ltd,
_c2003.
300 _a542 p.
856 4 0 _3Amazon.com
_uhttp://www.amazon.com/exec/obidos/ASIN/8174883975/chopaconline-20
942 _aNBS
_cBK
_k658.3 PER
999 _c346979
_d346979